Affordable housing in Scotland (Record no. 75974)
[ view plain ]
| 000 -LEADER | |
|---|---|
| fixed length control field | 01177cab a2200229 4500 |
| 001 - CONTROL NUMBER | |
| control field | ##L131156 |
| 008 - FIXED-LENGTH DATA ELEMENTS--GENERAL INFORMATION | |
| fixed length control field | 051004n2005 000 0 eng u |
| 035 ## - SYSTEM CONTROL NUMBER | |
| System control number | (Sirsi) u131156 |
| 041 0# - LANGUAGE CODE | |
| Language code of text/sound track or separate title | eng |
| 100 1# - MAIN ENTRY--PERSONAL NAME | |
| Personal name | Grant, Jamie |
| 245 ## - TITLE STATEMENT | |
| Title | Affordable housing in Scotland |
| Remainder of title | key questions for housebuilders |
| 260 ## - PUBLICATION, DISTRIBUTION, ETC. | |
| Date of publication, distribution, etc. | 2005 |
| 490 ## - SERIES STATEMENT | |
| Series statement | Scottish Planning and Environmental Law |
| Volume/sequential designation | 109 June 2005, 57-60(4) |
| 520 ## - SUMMARY, ETC. | |
| Summary, etc. | Answers a number of the detailed questions about affordable housing that face house builders in Scotland. These include: the possibility of making more land available; grounds for resisting affordable housing requirements; whether affordable housing must be mentioned in the local plan; working with registered social landlords; the cost of meeting an affordable housing requirement; conditions on occupation of affordable housing; alternatives to on-site affordable housing provision; and formulating proposals. References. |
| 650 24 - SUBJECT ADDED ENTRY--TOPICAL TERM | |
| Topical term or geographic name entry element | PLANNING ADVICE NOTE 74 |
| 650 24 - SUBJECT ADDED ENTRY--TOPICAL TERM | |
| Topical term or geographic name entry element | SPP3 |
| 650 24 - SUBJECT ADDED ENTRY--TOPICAL TERM | |
| Topical term or geographic name entry element | NPPG3 |
| 651 #4 - SUBJECT ADDED ENTRY--GEOGRAPHIC NAME | |
| Geographic name | Scotland |
| Chronological subdivision | 1999- |
| 690 ## - LOCAL SUBJECT ADDED ENTRY--TOPICAL TERM (OCLC, RLIN) | |
| Topical term or geographic name as entry element | PROPERTY-RESIDENTIAL PROPERTY-RESIDENTIAL PROPERTY DEVELOPMENT |
| 700 1# - ADDED ENTRY--PERSONAL NAME | |
| Personal name | Greig, Michael |
| 942 ## - ADDED ENTRY ELEMENTS (KOHA) | |
| Suppress in OPAC | 0 |
| Withdrawn status | Lost status | Source of classification or shelving scheme | Damaged status | Not for loan | Home library | Current library | Shelving location | Date acquired | Total Checkouts | Full call number | Barcode | Date last seen | Copy number | Price effective from | Koha item type |
|---|---|---|---|---|---|---|---|---|---|---|---|---|---|---|---|
| Dewey Decimal Classification | London | London | Journal article | 04/10/2005 | L131156 | 131156-1001 | 06/08/2019 | 1 | 06/08/2019 | Journal article |